US States with Their Capitals on a Map Quiz Stats

 Plays Quiz Updated May 4, 2018

Score 0/50 Timer 07:00
23 Plays Today
% Correct
Texas
80.9%
California
80.4%
New York
77.7%
Tennessee
77.5%
Oklahoma
76.6%
Michigan
76.6%
Illinois
76.5%
Louisiana
76.4%
Kentucky
75.8%
Ohio
75.5%
South Carolina
75.5%
West Virginia
75.3%
Minnesota
75.1%
Indiana
74.9%
Wisconsin
74.6%
Kansas
74.4%
Utah
74.3%
Rhode Island
74%
Hawaii
73.7%
Missouri
73.3%
Iowa
73.2%
Massachusetts
73.1%
Virginia
72.8%
Vermont
72.6%
Arkansas
71.8%
% Correct
Mississippi
71.1%
North Carolina
70.9%
Nevada
70.4%
Idaho
70.1%
Delaware
68.5%
Wyoming
67%
Maine
62.8%
North Dakota
62.3%
Maryland
62.3%
Alaska
62%
New Jersey
62%
Montana
61.4%
Nebraska
60.9%
Pennsylvania
59.7%
Washington
59%
Arizona
58.6%
Oregon
58.2%
Connecticut
57.5%
Alabama
57%
New Hampshire
56.2%
Colorado
54.8%
New Mexico
49.8%
South Dakota
46.8%
Florida
46.2%
Georgia
41.9%

You're not logged in!

Compare scores with friends on all Sporcle quizzes.
OR
Log In

You Might Also Like...

Show Comments

Extras

Top Quizzes Today


Score Distribution

Your Account Isn't Verified!

In order to create a playlist on Sporcle, you need to verify the email address you used during registration. Go to your Sporcle Settings to finish the process.

Report this User

Report this user for behavior that violates our Community Guidelines.

Details: